000 00553nam a2200193Ia 4500
003 GCL
008 140319s9999 xx 000 0 ara d
040 _aGCL /
_cGCL
082 0 4 _a812.04
_bم م
100 1 _aعلى الزبيدى
245 1 0 _aالمسرحية العربية فى العراق /
_cعلى الزبيدى
260 _a[S.N] :
_bمعهد البحوث والدراسات العربية ،
_c1967
300 _a207 ص
490 _a
650 0 4 _aتاريخ
650 0 4 _aالمسرح
650 0 4 _aالعراق
942 _2ddc
_cBK
999 _c54197
_d54197